000 00806nam a2200289 i 4500
001 91629
003 ES-MaACL
005 20230906180753.0
007 t|
008 050202s2004 sp ||||1| spa d
020 _a84-96136-53-1
080 _a913(4)
080 _a913(747 N.Y.)
080 _a913(569.4)
100 1 _aMonzó, Quim.
_982771
245 1 0 _aCatorce ciudades contando Brooklyn /
_cQuim Monzó.
250 _a1ª ed.
260 _aBarcelona :
_bAcantilado,
_c2004.
300 _a213 p. ;
_c21 cm.
490 1 _aEl Acantilado ;
_v88
651 4 _aEuropa-
_xDescripción.
_98594
651 4 _aNueva York-
_xDescripción.
_99124
651 4 _aIsrael-
_xDescripción.
_98856
830 0 _aEl Acantilado ;
_v88
_9179782
852 _aES-MaACL
_jL-28766
_bR.135171
999 _c91629
_d91629